000 00544nam a2200169 a 4500
001 000047652
005 20201002060646.0
008 180713s2017 dr 000 0 spa d
020 _a9789945598124
040 _aDO-SdBNP
_bspa
_cBNPHU
082 _axx
_bxx
100 1 _aCastillo Pelegrín
_921834
245 1 0 _aResistencia y revolución del proyecto nacional... o la autodestrucción. /
_cPelegrín Castillo.
260 _aSanto Domingo, República Dominicana :
_bArgos,
_c2017.
300 _a16 p. ;
_c23 cm.
590 _aInventariado, 2019/VM
999 _c47140
_d47140